| 000 | 02202cam a22003737a 4500 | ||
|---|---|---|---|
| 001 | 8113 | ||
| 003 | FISKH | ||
| 005 | 20250827085934.0 | ||
| 008 | 101220s2010 gauac b 000 0 eng d | ||
| 010 | _a 2010284374 | ||
| 020 | _a0794830463 | ||
| 020 | _a9780794830465 | ||
| 020 | _a9780794830465 | ||
| 035 | _a(OCoLC)635524479 | ||
| 040 |
_aMUSFL _beng _cMUSFL _dDLC |
||
| 050 | 0 | 0 |
_aTL789.8.U5 _bM394 2010 |
| 082 | _a629.45 | ||
| 100 | 1 | _aMayfield, Mark. | |
| 245 | 1 | 4 |
_aThe spaceflight vault : _ba history of NASA's manned missions / _cby Mark Mayfield. |
| 260 |
_aAtlanta, GA : _bWhitman Pub., _c2010. |
||
| 300 |
_a144 unnumbered pages : _bcolor illustrations ; _c27 X 32 cm.. |
||
| 336 |
_atext _btxt _2rdacontent |
||
| 337 |
_aunmediated _bn _2rdamedia |
||
| 338 |
_avolume _bnc _2rdacarrier |
||
| 500 | _aMany pages contain pockets with replica documents and memorabilia. | ||
| 504 | _aIncludes bibliographical references (p. 143). | ||
| 520 | _aFor thousands of years, man has looked to the stars in wonder, but it is only recently that we have been able to travel among them, and The Spaceflight Vault: A History of NASA s Manned Missions traces the extraordinary journey from the early rocketry pioneers to the astronauts of today. Filled with hundreds of photos from the archives at Johnson Space Center, Clark University and private collections, The Spaceflight Vault is a stunning visual history of man s achievements in space. Designed as a treasured scrapbook, the vault also contains replicas of historic memorabilia such as pages from Dr. Robert Goddard s andwritten diary, written tests from the Mercury astronaut selection program, Gemini flight menus, Apollo 7 checklists, media passes from early shuttle launches, front pages from numerous issues of The Johnson Space Center Roundup and much more. No one who has ever dreamed of soaring among the stars should be without this home archive of man s journey into orbit. | ||
| 610 | 1 | 0 |
_aUnited States. _bNational Aeronautics and Space Administration _xHistory. |
| 650 | 0 | _aSpace flights. | |
| 650 | 0 | _aManned space flight. | |
| 906 |
_a7 _bcbc _ccopycat _d2 _encip _f20 _gy-gencatlg |
||
| 942 |
_2ddc _cBK _n0 |
||
| 999 |
_c8113 _d8113 |
||